|
|
|
|
| LEADER |
00824nam a2200229 i 4500 |
| 001 |
c000331414 |
| 003 |
CARM |
| 005 |
00000000000000.0 |
| 008 |
780822s1978 gw 00010 ger |
| 015 |
|
|
|a GFR78-A
|
| 019 |
1 |
|
|a 1264181
|5 LACONCORD2021
|
| 020 |
|
|
|a 349200475X :
|c DM12.00
|
| 035 |
|
|
|a (OCoLC)4229619
|5 LACONCORD2021
|
| 050 |
0 |
0 |
|a PT2685.O34
|b H4
|
| 100 |
1 |
|
|a Wohmann, Gabriele,
|d 1932-
|
| 245 |
1 |
0 |
|a Heiratskandidaten :
|b e. Fernsehspiel u. 3 Hörspiele /
|c Gabriele Wohmann.
|
| 260 |
|
|
|a München :
|b Piper,
|c 1978.
|
| 300 |
|
|
|a 188 p. ;
|c 19 cm.
|
| 490 |
0 |
|
|a Serie Piper ; 175
|
| 852 |
8 |
|
|b CARM
|h A1:AL28F0
|i A05278
|p 0429764
|f BK
|
| 999 |
f |
f |
|i 9754cdf5-09eb-5db9-88d4-e7005d2b5a3c
|s ef4c9c25-ccf5-5d05-9c68-6d80a6323bac
|
| 952 |
f |
f |
|p Can circulate
|a CAVAL
|b CAVAL
|c CAVAL
|d CARM 1 Store
|e A05278
|f A1:AL28F0
|h Other scheme
|i book
|m 0429764
|